| 000 | 01049cam a22003254a 4500 | ||
|---|---|---|---|
| 001 | 6448 | ||
| 003 | FISKH | ||
| 005 | 20260313091722.0 | ||
| 008 | 090508s2010 flua j 000 0 eng | ||
| 010 | _a 2009015990 | ||
| 020 | _a9781606943786 | ||
| 020 | _a9781606945100 | ||
| 040 |
_aDLC _cDLC _dDLC _beng |
||
| 050 | _aQC90 .K368618 | ||
| 082 | _a530.8 | ||
| 100 | 1 | _aKarapetkova, Holly. | |
| 245 | 1 | 0 |
_aPounds, feet, and, inches / _cHolly Karapetkova. |
| 260 |
_aVero Beach : _bRourke Publishing, _c2010. |
||
| 300 |
_a24 pages ; _bcolor illustrations ; _c21 cm |
||
| 490 | 0 | _aRourke discovery library | |
| 505 | _aK | ||
| 520 | _aYoung children learn about pounds, feet, and inches through illustrated text with repetition and simple sentences. | ||
| 521 | 8 |
_a510
_bLexile estimate |
|
| 521 | 8 |
_aK
_bRaz-Plus |
|
| 650 | 0 |
_aUnits of measurement _vJuvenile literature. |
|
| 650 | 0 |
_aLength measurement _vJuvenile literature. |
|
| 906 |
_a7 _bcbc _corignew _d1 _eecip _f20 _gy-gencatlg |
||
| 942 |
_2ddc _cBK _n0 |
||
| 999 |
_c6448 _d6448 |
||